000 01043 a2200265 4500
003 OSt
005 20180116192332.0
008 120209t xxu||||| |||| 00| 0 eng d
010 _a 2007939903
020 _a9783764382322 (alk. paper)
040 _c0
082 _a726.5092
100 1 _aPauly, Danièle.
245 1 0 _aLe Corbusier :
_bthe chapel at Ronchamp /
_cDanièle Pauly.
246 3 0 _aChapel at Ronchamp
260 _aParis :
_bFondation Le Corbusier ;
_aBasel ;
_aBoston :
_bBirkhäuser,
_cc2008.
300 _a105 p. :
_bill. ;
_c22 cm.
490 0 _aGuides Le Corbusier
505 _a1. Visiting and "READING" the building 2. History and genesis of the project 3. A"TOTAL WORK OF ART" 4. Ronchamp: A Manifesto
600 0 0 _aLe Corbusier,
_d1887-1965
_xCriticism and interpretation.
610 2 0 _aNotre-Dame-du-Haut (Chapel : Ronchamp, France)
651 0 _aRonchamp (France)
_xBuildings, structures, etc.
942 _aSADA
_cBK
_k726.5092 PAL 2008
_2ddc
999 _c352341
_d352341